000 00294nam a2200109Ia 4500
008 230907s9999||||xx |||||||||||||| ||und||
082 _a333.7071
_bKAU
245 0 _aPerspectives in environmental studies /
260 _aNew Age International Publishers,
_c2016
300 _a376 p.
942 _cBK
999 _c599088
_d599088